Cross the River - Statistics

General Stats
  • This quiz has been taken 1,789 times
    1,771 since last reset
  • The average score is 4 of 6
Answers on the Map
Answers color-coded by a green-red scale on the quiz's map according to % correct below.
 
Answer Stats
Answer % Correct
Greece
98%
Madagascar
87%
New Zealand
72%
Croatia
52%
Sri Lanka
49%
Senegal
35%
No matching quizzes found
Score Distribution
Percent of People with Each Score
Percentile by Number Answered
Your Score History
You have not taken this quiz since the last reset